01426nam a22001457a 4500020001800000082002100018245005300039260003600092300001500128440004000143504005000183520095100233650007101184700002501255 a9780815354000 a 382.30951bCHI- aChina's New Silk Roadb: an emerging world order aLondono bRutledgec2019  a xi, 184p. aChina policy series/ Zheng Yongnian aIncludes bibliographical references and index aMuch is being written about China's new 'One Belt, One Road' initiative, but much of the writing focuses on China itself, on the destinations of the road - Europe and the Middle East - or on the countries through which the road passes, such as Central Asia. This book takes a different approach, assessing the views of East Asian and other countries on the Belt and Road Initiative, both from a transnational and multidisciplinary perspective. The book considers international visions and limitations of the New Silk Road as a new paradigm, explores economic and trade aspects, including infrastructure networks, financial mechanisms, and the likely impact for other countries and regions, and analyses the likely implications for regional and trans-regional cooperation and competition.  Western and Asian regional perspectives on the New Silk Road, including from India, Pakistan, Southeast Asia and Japan are considered throughout the book.  aForeign economic relations -21st centuryvCommercial policyzChina aMendes, Carmen Amado